00874nam a22001697a 4500003000900000008004100009040007100050082002200121100002300143245005500166260006100221300003000282505032400312650002900636650002600665650001300691AR-CdUCM190306b ||||| |||| 00| 0 spa d aMUNICIPALIDAD PROVINCIAL DEL CUSCOcBIBLIOTECA MUNICIPAL DEL CUSCO 22a338.928 /bB23 aG. Barreto, Emilio aPeru :bLos Desarrollos Economicos y Financieros / aPerú :bBanco Central de Reservá del Perú ,c1990. a368 páginas ;c20.5 cm. aContenido: Consideraciones Generales sobre el problema economico y financiero peruano -- analisis tecnico de los resultados de las politicas de Desarrollo con Estabilidad seguida de 1970 - 1974 y de la de "inflacion acelerada con devaluaciones sucesivas recesión y desempleo" aplicadas en el Perú de 1975 a 1979... aEconomia Peruana del 70' aDeuda Externa Peruana aEconomia